Statistics for Critical Role Campaign One Player Characters

Click here to take the quiz!

General Stats

  • This quiz has been taken 45 times
  • The average score is 14 of 25

Answer Stats

HintAnswer% Correct
Marisha RayKeyleth
100%
Taliesin JaffePercival Fredrickstein von Musel Klossowski De Rolo III
100%
Ashley JohnsonPike Trickfoot
100%
Sam RiegelScanlan Shorthalt
100%
Liam O'BrienVax'ildan
100%
Laura BaileyVex'ahlia
100%
Travis WillinghamGrog Strongjaw
97%
Orion AcabaTiberius Stormwind
92%
Taryon Darrington
73%
Will FriedleKashaw Vesh
68%
Mary Elizabeth McGlynnZahra Hydris
51%
Joe ManganielloArkhan the Cruel
43%
Bertrand Bell
43%
Noelle StevensonTova
32%
Chris HardwickGern Blanston
30%
Felicia DayLyra
30%
Darin De PaulSprigg
30%
Kit BussLillith Daturai
27%
Jon HederLionel Gayheart
27%
Jason Charles MillerGarthok
22%
Patrick RothfussKerrick
22%
Lieve'tel Toluse
22%
Derrig
16%
Chris PerkinsShale
16%
Wil WheatonThorbir Falbek
14%

Score Distribution

Percentile by Number Answered

Percent of People with Each Score

Your Score History

You have not taken this quiz